Quizzes
Events
Quiz Creation
Community
Videos
Private Events
Remove Ads
Sign In
Join for FREE
Feedback
Dark Mode
Quiz Categories
Sports
Geography
Music
Movies
Television
Just For Fun
Miscellaneous
History
Literature
Language
Science
Gaming
Entertainment
Religion
Holiday
For Kids
Quiz Lab
Recent
Popular Today
Quiz Kudos Today
Editor Picks
Curator Picks
Quizzes by...
Day
Popularity
Type
Ratings
Length
Year
Community
Subscriptions
Recent Discussions
Orange Saloon
Badges
Playlists
Quests
Create
Leaderboards
Showdown
Live 5
Trivia Bingo
Activity
Puzzle Library
Sporcle Events
Private Events
Virtual Trivia
Globe League
Become a Host
Pub Owners
SporcleCon
Opinionation
Our Games
Videos
Blog
Mobile Apps
Partnerships
Remove Ads and Go Orange
Feedback
Sports
Athletes
MLB
NBA
NHL
NFL
Soccer
Sports Teams
WWE
NCAA
Football
Premier League
Basketball
Baseball
Hockey
Golf
Tennis
Cricket
Rugby
Auto Racing
Olympics
World Cup
Sports
Athletes
MLB
NBA
NHL
NFL
Soccer
Sports Teams
WWE
NCAA
Football
Premier League
Basketball
Baseball
Hockey
Golf
Tennis
Cricket
Rugby
Auto Racing
Olympics
World Cup
Random Quiz
Search Sporcle
×
Quiz Lab
Quiz Lab
Sports
Football
Type in answers that appear in a list
Type in answers that appear in a list
Classic
Best Score? Go Orange.
2012 NFL Draft Quiz Stats
Can you name the 2012 NFL Draft players?
By
themizzou1999
10m
32 Questions
179 Plays
179 Plays
179 Plays
Comments
Comments
Give Quiz Kudos
Give Quiz Kudos
-
- Ratings
hide this ad
Replay
Link that replays current quiz
Next Quiz
Link to next quiz in quiz playlist
You Got
0%
They Got
Avg Score
44%
Avg Friend Score
Upgrade to see
Score Distribution
Jump to the score distribution portion of the page
Score
0/32
Timer
10:00
0
Plays Today
Teams
Players
% Correct
Colts
Andrew Luck
100%
Browns
Trent Richardson
79.3%
Redskins
Robert Griffin iii
77.1%
Jaguars
Justin Blackmon
62.6%
Dolphins
Ryan Tannehill
58.7%
Vikings
Matt Kalil
56.4%
Cowboys
Morris Claiborne
50.8%
Browns
Brandon Weeden
50.3%
Buccaneers
Mark Barron
48.6%
Patriots
Chandler Jones
48.6%
Giants
David Wilson
48.6%
Buccanneers
Doug Martin
47.5%
Panthers
Luke Kuechly
44.7%
Vikings
Harrison Smith
44.7%
Chiefs
Dontari Poe
42.5%
Patriots
Dont'a Hightower
42.5%
Teams
Players
% Correct
Cardinals
Michael Floyd
41.9%
Bills
Stephon Gilmore
41.3%
Jets
Quinton Coples
39.7%
Eagles
Fletcher Cox
38.5%
Bengals
Dre Kirkpatrick
37.4%
Steelers
David DeCastro
37.4%
Seahawks
Bruce Irvin
36.3%
Chargers
Melvin Ingram
33.5%
Titans
Kendall Wright
33%
Rams
Michael Brockers
32.4%
Lions
Riley Reiff
30.2%
49ers
A.J Jenkins
30.2%
Texans
Whitney Mercilus
26.3%
Bears
Shea McClellin
25.7%
Packers
Nick Perry
25.1%
Bengals
Kevin Zeitler
9.5%
Quiz Playlist
Details
Report
Send in Message
Add To Playlist
Classic:
Type in answers that appear in a list
Last Updated: Feb 16, 2017
Quiz Scoreboard
CHALLENGE
Sign Up to Join the Scoreboard
Show All
Scores
Hide
Comments
May contain spoilers
Recently Published
1-10 Letter E Words III
by El_Dandy
Language
2m
One Thing in Common: World Cities II
by knightlancer
Geography
7m
Popular People in 1961
by mucciniale
History
6m
More to Explore
Quiz From the Vault
Featured Blog Post
Where Did the Easter Bunny Come From?
hide this ad
You Might Also Like...
Tags
Football Quiz
NFL Quiz
Football Champions
NFL Draft
Today's Top Quizzes in Sports
Browse Sports
hide this ad
Today's Top Quizzes in Football
Browse Football
Top Contributed Quizzes in Sports
1
Les meilleurs buteurs des matchs entre le PSG et l’OM
2
Les entraîneurs de l'OM et du PSG au 21e siècle
3
FIFA Club World Cup Champions
4
2022 World Cup Stars
5
Name the Premier League winners with different clubs
6
La finale Lions - Afrique du Sud 2021
7
Criteria MLB: Left Handed Sluggers
8
Players with Multiple 50 Home Run Seasons
9
MLB Players with Two .350 Batting Average Seasons
10
MLB Hall of Famer by Rings
Explore More
Trending Topics
Disney
Anime
NBA
Marvel
Harry Potter
Kpop
Crossword
Puzzle
Song
WWE
Country
Pokémon
The Office
NFL
Soccer
hide this ad
More By:
themizzou1999
Quiz
Plays
Rating
Category
Featured
Created
Top Sneaker Colorways
340
5.00
Entertainment
Feb 8, 2013
2012 NFL Draft Quiz
179
3.00
Sports
Apr 30, 2012
Lebron shoes in order9(Not including Lows)
41
5.00
Entertainment
May 22, 2012
10 Worst Movies of All Time (IMDb)
15
4.00
Entertainment
Mar 7, 2012
Go to Creator's Profile
Score Distribution
Quiz Creator Spotlight
themizzou1999
Follow
Send a Message
Quizzes Created
-
Created Quiz Play Count
-
More By This Creator
Popular Quizzes Today
1
Find the US States - No Outlines Minefield
2
Find the Countries of Europe - No Outlines Minefield
3
The Countries of the World
4
Popular People in 1961
5
1-10 Letter E Words III
6
Find the US States
7
One Thing in Common: World Cities II
8
US States
More Sports Quizzes
Stanley Cup Playoff Goals
Published
Trending Quizzes
Risky Map Clicking: Least Populous States A-Z
1-10 Letter F Words
1-10 Letter G Words
One Thing in Common: United Kingdom
Risky Map Clicking: Biggest States A-Z
Recently Updated
Leaping Animals
pecheneg
Reality TV Shows (A-Z)
bhenderson79
Rickey Henderson's Hall of Fame Teammates
pecheneg
Champions League XIs: Arsenal
pecheneg
Quick Pick: Celebrities in WWE's Hall of Fame
aduchscher
A-Z Keypad Blitz II
pecheneg
Multiple Oscar Actors
pecheneg
Mystery Phrase Blitz: Oscar 'Best Actors'
pecheneg
F. Scott Fitzgerald Novels
LTH
Pick 3 Villains
ddd62291
Trending Topics
Disney
Anime
NBA
Kpop
Marvel
Crossword
Harry Potter
Pokémon
The Office
Song
Soccer
WWE
NFL
Country
Puzzle
Your Account Isn't Verified!
In order to create a playlist on Sporcle, you need to verify the email address you used during registration. Go to your
Sporcle Settings
to finish the process.
Report this User
Report this user for behavior that violates our
Community Guidelines
.
Details:
Send Report
Go to the Sporcle.com Mobile Site →
Comments